| 000 | 00501nam a22001811a 4500 | ||
|---|---|---|---|
| 001 | 10756 | ||
| 003 | OSt | ||
| 005 | 20260204212211.0 | ||
| 008 | 100223s2005||||ck ||||||b||||||||||spa|| | ||
| 020 | _a9586483924 | ||
| 050 | _a158.7 A14p | ||
| 100 | _aAraque Perico, Julian | ||
| 245 | _aPsicología organizacional e industrial / Julian Araque Perico y Nicomedes Rivera Castañeda | ||
| 264 | _aColombia : Ecoe Ediciones | ||
| 300 | _a317 p | ||
| 650 | _aPsicología IndustrialÌ | ||
| 942 |
_2ddc _cBK |
||
| 999 |
_c10756 _d10756 |
||